000 00303nam a22001337a 4500
008 170508b xxu||||| |||| 00| 0 eng d
020 _a9780314201478
041 _aeng
080 _25 ED
_a34
100 _a14
101 _aSHJ
245 _aINTRODUCTION TO PARAGALISM
_cSTATSKY.W
942 _2udc
_cBK
999 _c12910
_d12910